Washington Cities A-Z - Statistics

General Stats
  • This quiz has been taken 49 times
    24 since last reset
  • The average score is 14 of 21
Answer Stats
Population Municipality or CDP % Correct
B 151,854 Bellevue
95%
E 110,629 Everett
95%
S 737,015 Seattle
95%
T 219,346 Tacoma
95%
K 136,588 Kent
90%
V 190,915 Vancouver
90%
Y 96,968 Yakima
85%
F 101,030 Federal Way
80%
O 55,605 Olympia
80%
P 77,108 Pasco
80%
R 106,785 Renton
80%
A 87,256 Auburn
70%
I 40,051 Issaquah
50%
L 63,612 Lakewood
50%
M 70,714 Marysville
50%
W 35,508 Wenatchee
45%
D 32,888 Des Moines
35%
U 34,866 University Place
35%
C 26,065 Camas
30%
G 32,658 Graham
20%
N 22,802 North Lynnwood
20%
No matching quizzes found
Score Distribution
Percent of People with Each Score
Percentile by Number Answered
Your Score History
You have not taken this quiz since the last reset